000 00455nam a2200205Ia 4500
001 086632
003 YMCAF
005 20230512161557.0
008 100717s2003 ||||||||||||||||| ||und|d
024 _a86632
035 _a26091
040 _aYMCAF
_beng
_cIN-KoLT
041 _aeng
082 _a658.15
_bKHA
100 _aKhan and Jain
245 0 _aFinancial management text and problems
250 _a3rd
260 _bTMH
_c2003
942 _2ddc
_cBK
999 _c9161
_d9161